• 首页
  • 本馆介绍
  • 公告通知
  • 最新文献
  • 馆藏检索
  • 电子资源
  • 读者导购
  • 参考咨询
  • 我的图书馆
  • 登录
  • 详细信息显示
  • 放入我的书架
  • 预约/预借图书
  • 作者相关作品
  • 分类相关作品
  • 丛书相关作品
  • 出版社相关作品

书目信息

  • 表格格式
  • 工作单格式
  • 卡片格式
题名:
中国语言学论文索引
    
 
作者: ;中国社会科学院语言研究所 编
分册: 甲编  
出版信息: 北京   商务印书馆  1978
页数: 210页
开本: 26cm
丛书名:
单 册:
中图分类: H-7
科图分类:
主题词: 语言学-篇名索引--中国 , 篇名索引-语言学--中国
电子资源:
ISBN:
000 00768nam0 2200241 45
001 0178005046
005 20060322145344.12
010    @dCNY1.60
091    @a9017.846
100    @a19950727d1978 kemy0chiy0121 ea
101 0  @achi
102    @aCN@b110000
105    @ay c 000yy
200 10 @a中国语言学论文索引@Azhong guo yu yan xue lun wen suo yin@h甲编@f中国社会科学院语言研究所编@Fzhong guo she hui ke xue yuan yu yan yan jiu suo bian
205    @a新1版
210    @a北京@c商务印书馆@d1978
215    @a210页@d26cm
606    @a语言学-篇名索引@y中国
606    @a篇名索引-语言学@y中国
690    @aH-7
711 02 @a中国社会科学院语言研究所@Azhong guo she hui ke xue yuan yu yan yan jiu suo@4编
801  0 @aCN@bNLC@c20060322
905    @f1@b6875@dH-7@e1:1
    
    中国语言学论文索引.甲编/中国社会科学院语言研究所编.-新1版.-北京:商务印书馆,1978
    210页;26cm
    
    
    ISBN :CNY1.60
    
●
相关链接 在E读中查询图书 在五车中查询图书 在当当中查询图书 在豆瓣中查询图书


正题名:中国语言学论文索引     索取号:H-7/1:1         预约/预借

序号 登录号 条形码 馆藏地/架位号 状态 备注
1 0006874   202203409   密集书库/ [索取号:H-7/1:1] 在馆    
2 0006875   001900410   密集书库/ [索取号:H-7/1:1] 在馆    
唐山师范学院图书馆 欢迎您!
大连网信软件有限公司© 版权所有